Responses for Show #7134 - Thursday, September 24, 2015

Contestants

[<< previous game]

Amanda Fieiras, a registered nurse from Chicago, Illinois

Kyle Baum, an M.B.A. candidate originally from Wildwood, Missouri

Dylan Parson, a student from Slippery Rock, Pennsylvania (whose 2-day cash winnings total $24,599)

[next game >>]

Jeopardy! Round responses

LET'S HAVE EGGS
BOOKS BY CHAPTER TITLES
(Alex: We'll give you the chapter title.)
THE STATE U's MAIN CAMPUS
PERSECUTED PEOPLE
3-LETTER WORDS
COULDN'T THINK OF A RHYME
    $200 11
The Scarlet Letter

Amanda
    $200 15
Lincoln

Dylan
    $200 9
Russia

Dylan
    $200 20
Black Sabbath

Dylan
    $400 17
turkeys

Amanda
    $400 12
Les Misérables

Amanda
    $400 7
Madison

Dylan
    $400 8
Adam

Dylan
    $400 28
[The end-of-round signal sounds.]

zit

Dylan
    $400 27
Metallica

Kyle
    $600 16
a sea turtle

Dylan
    $600 13
The Wizard of Oz

Dylan
    $600 2
Columbia

Dylan
    $600 6
(Dylan: What is education?)

military service

Dylan
Triple Stumper
    $600 26
ray

Amanda
    $600 24
Foreigner

Dylan
    $800 14
(Dylan: What is a frog?)

a snake

Dylan
Triple Stumper
    $800 18
Little Women

Amanda
    $800 1
Bloomington

Kyle
    $800 4
Bosnia & Herzegovina

Dylan
    $800 25
pho

Amanda
    $800 21
Pitbull

Dylan
    $1000 10
[Alex pronounces the last word of the clue as "them".]

the Gobi

Amanda
    $1,800 19
Treasure Island

Amanda
    $1000 3
(Amanda: Oh... what is Frankfort?)

Lexington

DylanAmanda
    $1000 5
Roma (or Gypsy)

Triple Stumper
    $1000 23
roc

Triple Stumper
    $1000 22
(Kyle: Who is George Harrison?)
(Dylan: Who's Paul McCartney?)
(Amanda: Who's Lennon?)
...
(Alex: The forgotten one. With a minute to go.)

Ringo Starr

DylanKyleAmanda
Triple Stumper

Scores at the first commercial break (after clue 14):

Dylan Kyle Amanda
$2,600 $800 $600

Scores at the end of the Jeopardy! Round:

Dylan Kyle Amanda
$4,400 $200 $4,000

Double Jeopardy! Round responses

OSCAR-WINNING WRITERS
(Alex: You have to identify the writer, of course.)
AMERICAN LAKES
NAME THAT ELEMENT
(Alex: We're in chemistry class, obviously.)
ECONOMICS
RELEASE THE "OUND"S
LOW COUNTRY TYPES
    $400 2
brine shrimp

Dylan
    $400 26
[The end-of-round signal sounds.]

hydrogen

Amanda
    $400 1
voodoo

Amanda
    $4,000 4
Lake George

Amanda
    $2,500 11
(Kyle: What is... hydrogen and oxygen?)

iodine (I) & helium (He)

Kyle
    $800 23
the money supply

Triple Stumper
    $800 25
grounds

Dylan
    $800 24
a propeller

Dylan
    $1200 16
(Aaron) Sorkin

Amanda
    $1200 5
Mackinac

Dylan
    $1200 10
argon

Kyle
    $1200 8
a free trade agreement

Dylan
    $1200 21
(Kyle: [Stands, stares, shakes head])

a rebound

DylanKyle
    $1200 22
(Alex: We have less than a minute to go, now, Dylan.)

a Dutch master

Triple Stumper
    $1600 14
Sofia Coppola

Triple Stumper
    $1600 19
Lake Tahoe

Dylan
    $1600 9
beryllium

Kyle
    $1600 3
(John Maynard) Keynes

Amanda
    $1600 17
the pound

Dylan
    $1600 20
Mata Hari

Amanda
    $2000 13
(John) Irving

Kyle
    $2000 6
the Lake of the Ozarks

Triple Stumper
    $2000 12
(Dylan: What is...)
(Alex: No. That's too bad.)

bohrium

Dylan
Triple Stumper
    $2000 7
Abenomics

Dylan
    $2000 15
flounder

Amanda
    $2000 18
Audrey Hepburn

Triple Stumper

Scores at the end of the Double Jeopardy! Round:

Dylan Kyle Amanda
$13,200 $1,300 $15,200

[wagering suggestions for these scores]

Final Jeopardy! Round responses

FOREIGN PHRASES
KyleWhat is Michelin?
$1,300
DylanWhat is espirit de corps?
$8,000
AmandaWhat is San Sprit
$11,201
Cordon Bleu

Final scores:

Dylan Kyle Amanda
$5,200 $0 $3,999
3-day champion: $29,799 3rd place: $1,000 2nd place: $2,000

Game dynamics:

Coryat scores:

Dylan Kyle Amanda
$13,200 $3,800 $11,200
22 R,
4 W
5 R,
3 W
(including 1 DD)
15 R
(including 2 DDs),
2 W

Combined Coryat: $28,200

[game] [game scores] [suggest correction]

Game tape date: 2015-08-26
The J! Archive is created by fans, for fans. Scraping, republication, monetization, and malicious use prohibited; this site may use cookies and collect identifying information. See terms. The Jeopardy! game show and all elements thereof, including but not limited to copyright and trademark thereto, are the property of Jeopardy Productions, Inc. and are protected under law. This website is not affiliated with, sponsored by, or operated by Jeopardy Productions, Inc. Join the discussion at JBoard.tv.